00346 a2200145 4500003000400000005001700004008004100021020001800062040000900080082001500089100002000104245003500124260003200159300000900191OSt20240203133703.0240111b |||||||| |||| 00| 0 eng d a9789382581154 coclc a297bKAK/N aKakkad, Hussain aNalekku Vendi / Hussain Kakkad aKerala:bDa'wa booksc2018. a120p